| 000 | 00946nam a2200241Ia 4500 | ||
|---|---|---|---|
| 999 |
_c43908 _d43908 |
||
| 001 | 10657 | ||
| 003 | GE_BSU | ||
| 005 | 20260220163155.0 | ||
| 008 | 181216s2010||||ge |||||||||||||| ||geo|| | ||
| 020 | _a9789941023422 | ||
| 040 | _cGE_BSU | ||
| 041 | _ageo | ||
| 080 | _a005.915 გ–14 | ||
| 100 |
_aგადელია, დემურ _9725 |
||
| 245 |
_aფინანსური მენეჯმენტი / _cდემურ გადელია; [რედ. ლელა ბახტაძე]. |
||
| 264 |
_aთბილისი: _bშპს.დარბეგის სტ., _c2010. |
||
| 300 |
_a478 გვ; _b22 სმ. |
||
| 504 | _aბიბლიოგრ.ტექსტ.შენიშვნ. გვ:475–477. | ||
| 541 | _h33ლ. | ||
| 653 | _aფინანსური მენეჯმენტი. | ||
| 700 |
_aბახტაძე, ლელა _eრედაქტორი _926944 |
||
| 942 |
_cBK _2udc |
||